Sports Quiz

Random Sports or WWE Quiz

Win/Loss Record - WWE TLC PPV Quiz Stats

 Plays Quiz not verified by Sporcle

Challenge
Share
Tweet
Embed
Score 0/108 Timer 10:00
0 Plays Today
Win/Loss Record Wrestler % Correct
2--3John Cena
94.5%
4--1Randy Orton
91.1%
1--2Roman Reigns
90%
0--4Kane
89.7%
2--2Seth Rollins
88.9%
2--0Triple H
88.6%
3--3The Big Show
88.2%
3--3Dean Ambrose
87.8%
2--0CM Punk
85.2%
1--0The Undertaker
84.9%
3--4The Miz
84.5%
3--3Sheamus
84.1%
5--2Kofi Kingston
83.8%
3--3Dolph Ziggler
82.3%
1--2Daniel Bryan
81.5%
1--3Ryback
81.5%
4--0Bray Wyatt
81%
2--2Alberto Del Rio
80.8%
0--1Chris Jericho
79.7%
1--0Edge
79.3%
0--3Wade Barrett
79%
1--1Jey Uso
77.1%
1--1Jimmy Uso
77.1%
0--3Rey Mysterio
76.8%
0--1Batista
76%
1--1Goldust
75.4%
3--1Cody Rhodes
75.3%
0--3Heath Slater
75.3%
2--1Luke Harper
75%
1--1AJ Lee
74.6%
0--5Jack Swagger
74.5%
1--0Christian
74.5%
1--1AJ Styles
72.8%
1--2Cesaro
72.7%
2--1Erick Rowan
72.6%
1--0Charlotte
72.4%
Win/Loss Record Wrestler % Correct
3--0Big E
71.8%
2--0Alexa Bliss
71.7%
1--1Braun Strowman
71.6%
1--0Shawn Michaels
71.6%
0--3Kalisto
70.9%
0--1Paige
70.9%
1--0Kurt Angle
70.3%
0--1Sin Cara (Hunico)
70.1%
2--0Nikki Bella
69.8%
0--2Becky Lynch
69.4%
0--1Mark Henry
69%
2--0Sasha Banks
68.7%
2--0Beth Phoenix
68.6%
1--2Natalya
67.5%
1--1R-Truth
67.2%
1--1Drew McIntyre
66.1%
0--1Sin Cara (Mistico)
64.9%
0--1Bubba Ray Dudley
64.2%
0--1D-Von Dudley
64.2%
0--2Rhyno
64.2%
0--1Kevin Owens
64.2%
1--1John Morrison
62.7%
1--1Naomi
62.7%
0--2Layla
62%
0--1Justin Gabriel
62%
1--1Michelle McCool
61.6%
2--0Zack Ryder
60.9%
1--2Damien Sandow
60.9%
2--0Rusev
60.4%
0--1Curtis Axel
58.5%
1--0Finn Balor
57.8%
1--0Baron Corbin
57.6%
0--1Jinder Mahal
56.1%
0--1Kaitlyn
55.7%
1--0Santino Marella
55.4%
1--0Asuka
54.7%
Win/Loss Record Wrestler % Correct
0--1Epico
54.6%
1--0Eve Torres
54.2%
0--1Primo
54.2%
1--0Fandango
54%
0--1Brodus Clay
53.6%
0--2Alicia Fox
53.1%
0--1Tommy Dreamer
52.2%
2--0Jason Jordan
52.2%
0--2Mickie James
52%
1--0Evan Bourne
52%
0--1Kelly Kelly
51.3%
0--1Carmella
50%
1--0Chad Gable
50%
0--1Cameron
49.4%
0--1Shelton Benjamin
48.7%
0--1Emma
48.4%
0--1Tamina
48.3%
0--1Booker T
46.9%
0--1Viktor
46.7%
0--1Aiden English
45.7%
0--1Konnor
45.7%
0--1Kevin Nash
45%
0--1Simon Gotch
44.6%
1--0Enzo Amore
43.8%
1--0Apollo Crews
41.3%
1--0Vladimir Kozlov
40.2%
1--0Rich Swann
39.1%
0--1Aksana
38.4%
1--0Mojo Rawley
37%
0--1The Brian Kendrick
35.9%
0--1Curt Hawkins
33.7%
0--1Rosa Mendes
32.5%
1--0The Brooklyn Brawler
31.7%
1--0Cedric Alexander
25%
0--1Elias
20.3%
0--1Jack Gallagher
18.8%

You're not logged in!

Compare scores with friends on all Sporcle quizzes.
OR
Log In

You Might Also Like...

Show Comments

Extras

Created Sep 28, 2013ReportNominate
Tags:WWE Quiz, chair, champion, loss, ppv, record, table, tie, win

Top Quizzes Today


Score Distribution

Your Account Isn't Verified!

In order to create a playlist on Sporcle, you need to verify the email address you used during registration. Go to your Sporcle Settings to finish the process.

Report this User

Report this user for behavior that violates our Community Guidelines.

Details: